MARC

LEADER 00000nam0a2200000 4500
001 671853
005 20240409105912.0
035 |a (RuTPU)RU\TPU\retro\32831 
035 |a RU\TPU\book\251185 
090 |a 671853 
100 |a 20240326d1965 k||y0rusy50 ca 
101 0 |a rus 
102 |a RU 
105 |a a z 001zy 
181 0 |a i   |b  e  
182 0 |a n 
183 0 |a nc  |2 RDAcarrier 
200 1 |a Хибинские апатитовые месторождения. Вопросы структуры, гидрогеологии и методики разведки  |f  Государственный научно-исследовательский институт горнохимического сырья (ГИГХС); под ред. Б. М. Гиммельфарба, Г. М. Вировлянского, А. А. Шугина  |e сборник статей 
203 |a Текст  |b визуальный  |c непосредственный 
210 |a Москва  |c Недра  |d 1965 
215 |a 316 с.  |c ил. 
225 1 |a Труды государственного научно-исследовательского института горнохимического сырья (ГИГХС)  |v Вып. 10 
283 |a volume  |2 RDAcarrier 
320 |a Библиография в конце статей 
606 1 |a Апатитовые месторождения  |9 52654 
610 1 |a геологические исследования 
610 1 |a тектоническая структура 
610 1 |a вещественный состав 
610 1 |a гидрогеология 
610 1 |a газоносность 
610 1 |a методика разведки 
610 1 |a опробование 
610 1 |a хибинские месторождения 
675 |a 553.641  |v 4  |z rus 
702 1 |a Гиммельфарб  |b Б. М.  |4 340 
702 1 |a Вировлянский  |b Г. М.  |4 340 
702 1 |a Шугин  |b А. А.  |4 340 
712 0 2 |a Государственный научно-исследовательский институт горнохимического сырья  |3 (RuTPU)RU\TPU\col\8103  |9 24475 
801 1 |a RU  |b 63413507  |c 20240327 
801 2 |a RU  |b 63413507  |c 20221220  |g RCR 
942 |c CR